| 000 | 00498cam a22001817a 4500 | ||
|---|---|---|---|
| 001 | 001777 | ||
| 003 | armpunfd | ||
| 005 | 20140612090650.0 | ||
| 008 | 050928e0####xx#a##########000#0#und#d | ||
| 040 |
_aarmpunfd _carmpunfd |
||
| 080 | _a342.4 (861) C 626 | ||
| 245 | 1 | 0 | _aConstitucion politica de colombia 1991 |
| 260 |
_a Ogota : Presidencia De La Republica _b1991. 197 P. |
||
| 650 | 7 |
_a Colombia _2LEMB |
|
| 650 | 7 |
_a Constitucion _2LEMB |
|
| 942 |
_cLB _2cdu |
||
| 945 |
_aCatalis _d2010-08-19 |
||
| 999 |
_c1768 _d232272 |
||